000 01565nem0a2200325 4500
001 RU\NLR\DIGIT\132311
005 20250613220509.0
035 _a(NLR Aleph) 010182626
090 _a10165436
_c10165436
100 _a20130516e20121844|||y0rusy50 ca
101 0 _arus
102 _aRU
135 _acrbn 001aadda
200 1 _aИстория Кампании Ватерлоо
_eПланы
_dHistory of the Waterloo Campaign
_fУ. Сиборн
_zeng
205 _aРепринтное издание [1844] г.
210 _aСанкт-Петербург
_cАльфарет
_d2012
215 _a6 с.; 11 л. карт.
300 _aПечатается по изд.: History of the Waterloo Campaign by W. Siborne. - [London, 1844]. - 11 pl.
317 _aДар издательства Альфарет
_5NLR
325 _aКопия доступна в Электрон. б-ке РНБ http://vivaldi.nlr.ru/ca000000047/view
455 0 _12001#$aHistory of the Waterloo Campaign by W. Siborne
_1210##$a[London$d1844]
_1215##$a11 pl.
_tHistory of the Waterloo Campaign by W. Siborne
700 1 _aСиборн
_bУ.
801 2 _aRU
_bNLR
_c20130516
_2rusmarc
852 _aNLR
_bЭБ
942 _cMAP
980 _aNB
981 2 2 _a(22) Материалы по истории России
_b(22) Россия, Наполеон и 1812 год
981 2 2 _a(22) Материалы по истории России
_b(22) История России до 25 октября (7 ноября) 1917 года